000 00490nam a22001817a 4500
999 _c5405
_d5405
003 GBCCL
005 20241126110541.0
008 180316b ||||| |||| 00| 0 eng d
040 _cgbc
082 _aVER 286.15417
_bSIA
100 _aSiamkung
_99710
245 _aBaptist Church of Manipur:
_bMissions Silver Jubilee (1958-1982) /
_cSiamkung
260 _c1982
300 _a91 p.;
_bill.,
_c21 cm.
650 _aChurch History
_9117
650 _aBaptist
_zManipur
_99711
942 _2ddc
_cBK